000
00274nam a22001337a 4500
008
171021b xxu||||| |||| 00| 0 eng d
020
_a
9780390236777
041
_a
eng
080
_a
658
100
_a
54
101
_a
LIN
245
_a
LEADERSHIP
_c
ACC
942
_2
udc
_c
BK
999
_c
35332
_d
35332